Wonderland Pack - Statistics

General Stats
  • This quiz has been taken 0 times
  • The average score is 0 of 11
Answer Stats
Picture Hint Answer % Correct
Uncommon - 15% Alice
0%
Epic - 2.5% Caterpillar
0%
Rare - 6.5% Cheshire Cat
0%
Rare - 6.5% Dormouse
0%
Uncommon - 15% Drink Me
0%
Uncommon - 15% Eat Me
0%
Legendary - 0.3% King of Hearts
0%
Epic - 2.5% Mad Hatter
0%
Uncommon - 15% Queen of Hearts
0%
Uncommon - 15.2% Two of Spades
0%
Rare - 6.5% White Rabbit
0%
No matching quizzes found
Score Distribution
Percent of People with Each Score
Percentile by Number Answered
Your Score History
You have not taken this quiz